Mercado de capitales (Registro nro. 9613)

Detalles MARC
000 -LEADER
fixed length control field 00312 a2200109 4500
001 - CONTROL NUMBER
control field ART_21225
005 - DATE AND TIME OF LATEST TRANSACTION
control field 20260410161600.0
008 - FIXED-LENGTH DATA ELEMENTS--GENERAL INFORMATION
fixed length control field 260409a
100 1# - MAIN ENTRY--PERSONAL NAME
Personal name Camerini, Marcelo A.
245 10 - TITLE STATEMENT
Title Mercado de capitales
773 0# - HOST ITEM ENTRY
Title Profesional & Empresaria
Related parts - Año XIV, Nº 170 (nov. 2013)
Record control number REV70

No hay ítems disponibles.